000 02634nam a22004094i 4500
001 991061739572506706
003 ES-BaIT
005 20260402075750.0
008 960922s17591785sp 000 d spa c
026 _eroa- hoo. o?do Bame 3 [entre 1759 i 1785] Q
_2fei
040 _aES-BaIT
_bcat
_erda
_cES-BaIT
080 _a860-2"17"
100 1 _aRipoll Fernández de Urueña, Domingo María de,
_d-1775
_eautor
_9169200
245 1 0 _aSaynete que parece nuevo :
_bLlamenle como quieren, Tomenle por donde quieran, Que aunque tiene muchos pies, No le encontraràn cabeza /
_cescrito por quien està mal con su juicio, y opinión, pues el modo de perder uno, y otro, es el hacer coplas. Sacale à luz, para que mejor se vean sus defectos, don Domingo Maria de Ripoll
246 3 _aSainete que parece nuevo
264 1 _aCon licencia. En Madrid :
_bEn la imprenta de Manuel Martin, calle de la Cruz. Se hallarà por el dinero en la Libreria de D. Lorenzo Cardama, frente de Sto. Thomàs ; en la de Antonio Castillo, frente San Phelipe, y en el puesto que tiene en sus gradas; y en la de Tedro Texero, junto à San Sebastian,
_c[entre 1759 i 1785]
300 _a[8], 16 pàgines ;
_c8º (14 cm)
336 _atext
_btxt
_2rdacontent
337 _asense mediació
_bn
_2rdamedia
338 _avolum
_bnc
_2rdacarrier
500 _aInclou repartiment
500 _aData deduïda de l’època d’activitat de l’impressor
500 _aSignatures: [calderó] 4, A8
530 _aReproducció digital disponible a Biblioescènic
593 _bVIT-059/04
_cEnquadernació holandesa amb puntes, en color blau, guardes marbrejades. Exemplar guillotinat. Etiqueta d'antic topogràfic Vitrina A Estante 2 en full de guarda volant anterior. Relligat en volum factici, títol al llom: Entremeses raros VI
_fEx-libris de la Colección teatral Arturo Sedó a la contracoberta anterior. Segell de la Colección teatral Arturo Sedó a portada. Llistat manuscrit al full de guarda anterior de les obres que conté el volum
_gExemplar digitalitzat per Crossland, 2022
_hArtur Sedó
650 0 _aSainets castellans
_yS. XVIII
_vTextos dramàtics
_9158732
700 1 _aMartín, Manuel José,
_dactiu 1759-1785
_eimpressor
_9169201
730 0 _aCol·lecció digital Biblioescènic del MAE
_969172
752 _aEspanya
_dMadrid
856 4 1 _zAccés lliure (Biblioescènic)
_uhttps://books.cdmae.cat/visorpdf/?recurs=SV0059-04
856 4 2 _zFitxa del catàleg manual
_uhttps://www.cdmae.cat/sedo/imgtitulos/062/P0000421.gif
902 _aFons antic
902 _aPatrimoni
908 _aCDMAE
940 _aCDMAE
942 _2udc
_cDIGITAL
999 _c137342
_d137342